[Event "Washington State-ch Premier"]
[Site "Redmond"]
[Date "2009.02.15"]
[Round "8"]
[White "MacGregor, Michael"]
[Black "Smith, Allen S"]
[Result "1-0"]
[WhiteElo "2220"]
[BlackElo "1984"]
[PlyCount "45"]
[EventDate "2009.02.07"]
[EventType "tourn"]
[EventRounds "9"]
[EventCountry "USA"]
[SourceTitle "EXT 2017"]
[Source "ChessBase"]
[SourceDate "2016.10.25"]
[SourceVersion "1"]
[SourceVersionDate "2016.10.25"]
[SourceQuality "1"]

1. e4 c5 2. Nf3 e6 3. d4 cxd4 4. Nxd4 a6 5. Nc3 Qc7 6. Bd3 Nf6 7. 0-0 Bc5 8. Nb3 Be7 9. Qe2 d6 10. Bg5 0-0 11. f4 Nbd7 12. Rae1 b5 13. e5 dxe5 14. fxe5 Bc5+ 15. Nxc5 Qxc5+ 16. Kh1 Nd5 17. Nxd5 exd5 18. e6 fxe6 19. Qxe6+ Kh8 20. Be7 Rxf1+ 21. Rxf1 Qc7 22. Qf7 Bb7 23. Qh5 1-0

[Event "Washington State-ch Premier"]
[Site "Redmond"]
[Date "2009.02.14"]
[Round "6"]
[White "Guo, Alex"]
[Black "Smith, Allen S"]
[Result "0-1"]
[WhiteElo "2121"]
[BlackElo "1984"]
[PlyCount "114"]
[EventDate "2009.02.07"]
[EventType "tourn"]
[EventRounds "9"]
[EventCountry "USA"]
[SourceTitle "EXT 2017"]
[Source "ChessBase"]
[SourceDate "2016.10.25"]
[SourceVersion "1"]
[SourceVersionDate "2016.10.25"]
[SourceQuality "1"]

1. c4 c6 2. e4 d5 3. cxd5 cxd5 4. exd5 Nf6 5. Nc3 Nxd5 6. d4 Nc6 7. Bc4 Nb6 8. Bb5 a6 9. Bxc6+ bxc6 10. Bg5 g6 11. Nge2 Bg7 12. 0-0 0-0 13. Rc1 Bb7 14. Na4 Nxa4 15. Qxa4 Rc8 16. Rc5 Rc7 17. Bd2 Rd7 18. Ba5 Qb8 19. f4 Qd6 20. Rd1 Qe6 21. Kf2 Qe4 22. Qc4 Rd6 23. Qd3 Qe6 24. a3 Qd7 25. b4 f5 26. Qb3+ Kh8 27. Bb6 Rff6 28. Rc3 Rfe6 29. Bc5 Rd5 30. Rcd3 Re4 31. g3 a5 32. Nc3 Ba6 33. Nxe4 fxe4 34. Re3 Bxd4 35. Bxd4+ Rxd4 36. Qc3 e5 37. Rxd4 exd4 38. Qb2 Qd5 39. Re1 Kg8 40. Kg1 e3 41. bxa5 Qf3 42. Qg2 Qxg2+ 43. Kxg2 Kf7 44. Kf3 Ke6 45. Ke4 c5 46. Rb1 e2 47. Rb6+ Kd7 48. Rb1 d3 49. Ke3 Kd6 50. Kd2 c4 51. g4 Kd5 52. Kc3 Ke4 53. f5 gxf5 54. gxf5 Kxf5 55. Kd2 Ke4 56. Rg1 Kf3 57. Rc1 Kf2 0-1

[Event "Washington State-ch Premier"]
[Site "Redmond"]
[Date "2009.02.08"]
[Round "4"]
[White "Pupols, Viktors"]
[Black "Smith, Allen S"]
[Result "0-1"]
[WhiteElo "2192"]
[BlackElo "1984"]
[PlyCount "76"]
[EventDate "2009.02.07"]
[EventType "tourn"]
[EventRounds "9"]
[EventCountry "USA"]
[SourceTitle "EXT 2017"]
[Source "ChessBase"]
[SourceDate "2016.10.25"]
[SourceVersion "1"]
[SourceVersionDate "2016.10.25"]
[SourceQuality "1"]

1. e4 c5 2. d3 Nc6 3. g3 g6 4. Bg2 Bg7 5. f4 e6 6. Nf3 Nge7 7. 0-0 d6 8. h3 0-0 9. Nbd2 b5 10. Re1 Rb8 11. Nf1 b4 12. g4 f5 13. Ng3 e5 14. gxf5 exf4 15. Bxf4 Bxb2 16. Bh6 Bg7 17. Bxg7 Kxg7 18. Qc1 Ng8 19. Rf1 Ne5 20. Nxe5 dxe5 21. Kh2 Rb7 22. Qe3 Rc7 23. fxg6 hxg6 24. Rxf8 Kxf8 25. Ne2 Qh4 26. Kg1 Kg7 27. c3 Nf6 28. Rc1 bxc3 29. Rxc3 Qe1+ 30. Bf1 Nh5 31. Rc1 Qh4 32. Rxc5 Rf7 33. Bg2 Qe1+ 34. Kh2 Be6 35. Rxe5 Rf2 36. Rxe6 Rxe2 37. Qxa7+ Kh6 38. Qe7 Qg3+ 0-1

[Event "Washington State-ch Premier"]
[Site "Redmond"]
[Date "2009.02.07"]
[Round "2"]
[White "Gale, Geoffrey W"]
[Black "Smith, Allen S"]
[Result "1-0"]
[WhiteElo "2171"]
[BlackElo "1984"]
[PlyCount "49"]
[EventDate "2009.02.07"]
[EventType "tourn"]
[EventRounds "9"]
[EventCountry "USA"]
[SourceTitle "EXT 2017"]
[Source "ChessBase"]
[SourceDate "2016.10.25"]
[SourceVersion "1"]
[SourceVersionDate "2016.10.25"]
[SourceQuality "1"]

1. e4 c5 2. Nc3 e6 3. Nf3 a6 4. d4 cxd4 5. Nxd4 Qc7 6. Bd3 Nf6 7. 0-0 Bc5 8. Nb3 Be7 9. f4 d6 10. a4 b6 11. e5 dxe5 12. fxe5 Qxe5 13. Bf4 Qh5 14. Be2 Qg6 15. Bf3 Nd5 16. Bh5 Qf5 17. Bxb8 Ne3 18. Qe2 Nxf1 19. Rxf1 Qg5 20. Bxf7+ Kd8 21. Rd1+ Bd7 22. Rxd7+ Kxd7 23. Qxe6+ Kd8 24. Qxb6+ Kd7 25. Qc7# 1-0

[Event "Washington Class-ch Master"]
[Site "Redmond"]
[Date "2008.11.28"]
[Round "2"]
[White "Rupel, David G"]
[Black "Smith, Allen S"]
[Result "0-1"]
[WhiteElo "2113"]
[BlackElo "1973"]
[PlyCount "52"]
[EventDate "2008.11.28"]
[EventType "swiss"]
[EventRounds "6"]
[EventCountry "USA"]
[SourceTitle "EXT 2017"]
[Source "ChessBase"]
[SourceDate "2016.10.25"]
[SourceVersion "1"]
[SourceVersionDate "2016.10.25"]
[SourceQuality "1"]

1. d4 d5 2. Nf3 Nf6 3. g3 e6 4. c4 c6 5. Nbd2 Nbd7 6. Bg2 Bd6 7. 0-0 0-0 8. Qc2 Re8 9. e4 dxe4 10. Nxe4 Nxe4 11. Qxe4 e5 12. Re1 Nf6 13. Qh4 exd4 14. Rxe8+ Qxe8 15. Qxd4 Bc7 16. Bg5 Bd8 17. Re1 Qf8 18. Qc3 Bf5 19. Nd4 Bg6 20. Qb3 Bb6 21. Bxf6 gxf6 22. Nc2 Rd8 23. Qc3 Qc5 24. Re2 Rd1+ 25. Bf1 Bd3 26. b4 Rxf1+ 0-1

[Event "Washington State Invitational"]
[Site "Seattle"]
[Date "2008.02.16"]
[Round "6"]
[White "Smith, Allen S"]
[Black "Bartron, Paul"]
[Result "1/2-1/2"]
[WhiteElo "1998"]
[BlackElo "2106"]
[PlyCount "114"]
[EventDate "2008.02.09"]
[EventType "tourn"]
[EventRounds "9"]
[EventCountry "USA"]
[SourceTitle "EXT 2017"]
[Source "ChessBase"]
[SourceDate "2016.10.25"]
[SourceVersion "1"]
[SourceVersionDate "2016.10.25"]
[SourceQuality "1"]

1. e4 d5 2. exd5 Qxd5 3. Nc3 Qa5 4. d4 c6 5. Nf3 Bg4 6. h3 Bh5 7. g4 Bg6 8. Ne5 Be4 9. Nc4 Qb4 10. f3 Bd5 11. a3 Qxc4 12. Bxc4 Bxc4 13. f4 e6 14. b3 Ba6 15. Ne4 Nd7 16. Bb2 Ngf6 17. Qf3 Nxe4 18. Qxe4 Nf6 19. Qe5 0-0-0 20. c4 Bd6 21. Qe3 Rhe8 22. 0-0-0 b6 23. Qf3 Bb7 24. Rhe1 c5 25. d5 exd5 26. Bxf6 gxf6 27. Rxe8 Rxe8 28. cxd5 Ba6 29. Rd2 Re1+ 30. Kb2 c4 31. Rc2 Bc5 32. d6 Bd4+ 33. Rc3 Kd7 34. Kc2 Rf1 35. Qe4 cxb3+ 36. Kxb3 Bxc3 37. Qe7+ Kc6 38. Kxc3 Rf3+ 39. Kb2 Rf2+ 40. Kc3 Rf3+ 41. Kd4 Rd3+ 42. Ke4 Rxd6 43. Qxf7 Bd3+ 44. Ke3 a5 45. f5 b5 46. Qa7 a4 47. Qxh7 Bc4 48. Qe7 b4 49. Qe8+ Kc5 50. Qc8+ Kb5 51. Qb7+ Rb6 52. Qd7+ Rc6 53. axb4 a3 54. Qb7+ Rb6 55. Qa7 a2 56. Qa5+ Kc6 57. Qa8+ Kc7 1/2-1/2

[Event "Washington State Invitational"]
[Site "Seattle"]
[Date "2008.02.09"]
[Round "2"]
[White "Smith, Allen S"]
[Black "Do, Nhon"]
[Result "0-1"]
[WhiteElo "1998"]
[BlackElo "2103"]
[PlyCount "70"]
[EventDate "2008.02.09"]
[EventType "tourn"]
[EventRounds "9"]
[EventCountry "USA"]
[SourceTitle "EXT 2017"]
[Source "ChessBase"]
[SourceDate "2016.10.25"]
[SourceVersion "1"]
[SourceVersionDate "2016.10.25"]
[SourceQuality "1"]

1. e4 g6 2. d4 Bg7 3. Nc3 c5 4. Nf3 cxd4 5. Nxd4 Nc6 6. Be3 d6 7. Qd2 Bd7 8. 0-0-0 Nf6 9. f3 a6 10. Kb1 Rc8 11. g4 h5 12. g5 Nh7 13. h4 b5 14. f4 0-0 15. Nxc6 Rxc6 16. Bd4 Bxd4 17. Qxd4 Bg4 18. Rd2 Qd7 19. Rg1 Rfc8 20. Bd3 Nf8 21. Nd5 Rb8 22. Qf2 Rc5 23. Ne3 Be6 24. f5 Bc4 25. Rdd1 Qe8 26. Ng2 Nd7 27. Nf4 Ne5 28. Qe2 Qc6 29. Nxh5 Bxd3 30. cxd3 Rc8 31. Nf4 Rc2 32. Qe3 Rxb2+ 33. Kxb2 Qc3+ 34. Kb1 Qb4+ 35. Ka1 Rc2 0-1

[Event "Washington Class-ch A"]
[Site "Seattle"]
[Date "2007.11.23"]
[Round "2"]
[White "Smith, Allen S"]
[Black "Dixon, Dakota Ellis"]
[Result "1-0"]
[WhiteElo "1946"]
[BlackElo "1801"]
[PlyCount "55"]
[EventDate "2007.11.23"]
[EventType "swiss"]
[EventRounds "6"]
[EventCountry "USA"]
[SourceTitle "EXT 2017"]
[Source "ChessBase"]
[SourceDate "2016.10.25"]
[SourceVersion "1"]
[SourceVersionDate "2016.10.25"]
[SourceQuality "1"]

1. e4 c5 2. d4 cxd4 3. c3 d3 4. Bxd3 Nc6 5. c4 e5 6. Nf3 Nf6 7. 0-0 d6 8. Nc3 Bg4 9. Be3 Qd7 10. Be2 Be7 11. a3 0-0 12. h3 Bh5 13. b4 Ne8 14. b5 Nd8 15. Nxe5 Qe6 16. Bxh5 dxe5 17. Nd5 g6 18. Be2 f6 19. c5 Rc8 20. Bc4 Nf7 21. Nb6 Rd8 22. Qb3 axb6 23. Bxe6 bxc5 24. Bh6 Ng7 25. Bxf7+ Rxf7 26. Bxg7 Kxg7 27. Rad1 Rff8 28. Qe6 1-0

[Event "Reno Far West op"]
[Site "Reno"]
[Date "2007.04.07"]
[Round "4"]
[White "Smith, Allen S"]
[Black "Tidwell, Stephen R"]
[Result "1/2-1/2"]
[WhiteElo "1882"]
[BlackElo "1970"]
[PlyCount "82"]
[EventDate "2007.04.06"]
[EventType "swiss"]
[EventRounds "6"]
[EventCountry "USA"]
[SourceTitle "EXT 2009"]
[Source "ChessBase"]
[SourceDate "2008.11.26"]
[SourceVersion "1"]
[SourceVersionDate "2008.11.26"]
[SourceQuality "1"]

1. e4 d5 2. exd5 Qxd5 3. Nc3 Qa5 4. d4 Nf6 5. Nf3 Bf5 6. Bd3 Ne4 7. Bd2 Nxd2 8. Qxd2 Bxd3 9. Qxd3 Nc6 10. 0-0 e6 11. a3 0-0-0 12. b4 Qh5 13. Rfe1 g6 14. b5 Nxd4 15. Nxd4 Bg7 16. Nce2 Bxd4 17. Nxd4 e5 18. c3 exd4 19. cxd4 Rd5 20. Re7 Qh4 21. Rxf7 Qxd4 22. Qxd4 Rxd4 23. f4 Rd7 24. Rxd7 Kxd7 25. Kf2 Rc8 26. g4 c5 27. bxc6+ Rxc6 28. Re1 Rc2+ 29. Re2 Rxe2+ 30. Kxe2 Ke6 31. Ke3 Kd5 32. h3 b5 33. h4 a5 34. h5 gxh5 35. gxh5 b4 36. axb4 axb4 37. Kd3 b3 38. Kc3 Ke4 39. Kxb3 Kxf4 40. Kc3 Kg5 41. h6 Kxh6 1/2-1/2

[Event "Washington State-ch Premier"]
[Site "Seattle"]
[Date "2007.02.18"]
[Round "8"]
[White "Gale, Geoffrey W"]
[Black "Smith, Allen S"]
[Result "1-0"]
[WhiteElo "2184"]
[BlackElo "1912"]
[PlyCount "57"]
[EventDate "2007.02.10"]
[EventType "tourn"]
[EventRounds "9"]
[EventCountry "USA"]
[SourceTitle "EXT 2017"]
[Source "ChessBase"]
[SourceDate "2016.10.25"]
[SourceVersion "1"]
[SourceVersionDate "2016.10.25"]
[SourceQuality "1"]

1. e4 c5 2. Nf3 e6 3. d4 cxd4 4. Nxd4 a6 5. Nc3 Qc7 6. Bd3 g6 7. Be3 Bg7 8. 0-0 Nf6 9. f4 d6 10. g4 e5 11. g5 Ng4 12. Nd5 Qd8 13. Nf5 gxf5 14. Bb6 Qd7 15. exf5 h5 16. h3 exf4 17. hxg4 hxg4 18. f6 g3 19. Re1+ Kf8 20. fxg7+ Kxg7 21. Bd4+ Kf8 22. Bxh8 Qh3 23. Qe2 Be6 24. g6 Qxh8 25. Nxf4 Nc6 26. Nxe6+ fxe6 27. Rf1+ Ke7 28. Rf7+ Kd8 29. g7 1-0

[Event "Washington State-ch Premier"]
[Site "Seattle"]
[Date "2007.02.18"]
[Round "7"]
[White "Sinanan, Joshua C"]
[Black "Smith, Allen S"]
[Result "1/2-1/2"]
[WhiteElo "2125"]
[BlackElo "1912"]
[PlyCount "81"]
[EventDate "2007.02.10"]
[EventType "tourn"]
[EventRounds "9"]
[EventCountry "USA"]
[SourceTitle "EXT 2017"]
[Source "ChessBase"]
[SourceDate "2016.10.25"]
[SourceVersion "1"]
[SourceVersionDate "2016.10.25"]
[SourceQuality "1"]

1. d4 d5 2. Nf3 Nf6 3. c4 c6 4. Nc3 e6 5. g3 Be7 6. Bg2 Nbd7 7. 0-0 0-0 8. b3 b6 9. Bb2 Bb7 10. Qc2 Qc7 11. Rfd1 a6 12. Rac1 Rac8 13. Qb1 Qb8 14. e4 dxe4 15. Ng5 h6 16. Ngxe4 Nxe4 17. Qxe4 Nf6 18. Qe2 Rfe8 19. Qf1 Rcd8 20. Rd3 Rd7 21. Rcd1 Red8 22. R1d2 Qa8 23. Qd1 b5 24. Ne2 bxc4 25. bxc4 c5 26. d5 exd5 27. Bxf6 Bxf6 28. Bxd5 Bxd5 29. Rxd5 Rxd5 30. Rxd5 Rxd5 31. cxd5 Qd8 32. Qd3 Qa5 33. Qc2 Qb5 34. Nf4 c4 35. Qe4 c3 36. d6 Qb2 37. Nd5 c2 38. Nxf6+ gxf6 39. Qg4+ Kf8 40. Qc8+ Kg7 41. Qg4+ 1/2-1/2

[Event "Washington State-ch Premier"]
[Site "Seattle"]
[Date "2007.02.11"]
[Round "3"]
[White "Kalina, Chris"]
[Black "Smith, Allen S"]
[Result "1/2-1/2"]
[WhiteElo "2079"]
[BlackElo "1912"]
[PlyCount "24"]
[EventDate "2007.02.10"]
[EventType "tourn"]
[EventRounds "9"]
[EventCountry "USA"]
[SourceTitle "EXT 2017"]
[Source "ChessBase"]
[SourceDate "2016.10.25"]
[SourceVersion "1"]
[SourceVersionDate "2016.10.25"]
[SourceQuality "1"]

1. d4 d5 2. c4 c6 3. cxd5 cxd5 4. Nc3 Nc6 5. Bf4 Nf6 6. e3 g6 7. Nf3 Bg7 8. Be2 0-0 9. h3 Re8 10. 0-0 a6 11. Rc1 Bf5 12. Na4 Nd7 1/2-1/2

[Event "Washington Class-ch Master/Expert"]
[Site "Seattle"]
[Date "2006.11.25"]
[Round "4"]
[White "Davies, Lucas"]
[Black "Smith, Allen S"]
[Result "1-0"]
[WhiteElo "2182"]
[BlackElo "1830"]
[PlyCount "89"]
[EventDate "2006.11.24"]
[EventType "swiss"]
[EventRounds "6"]
[EventCountry "USA"]
[SourceTitle "EXT 2017"]
[Source "ChessBase"]
[SourceDate "2016.10.25"]
[SourceVersion "1"]
[SourceVersionDate "2016.10.25"]
[SourceQuality "1"]

1. e4 c5 2. Nf3 e6 3. d4 cxd4 4. Nxd4 a6 5. Bd3 Nf6 6. Qe2 Bc5 7. Nb3 Ba7 8. e5 Nd5 9. 0-0 Qh4 10. g3 Qh3 11. N1d2 0-0 12. Ne4 h6 13. Nd6 Nc6 14. c4 Nde7 15. Be4 h5 16. Bg2 Qg4 17. Bf3 Qh3 18. Bxh5 Nf5 19. Nxf5 exf5 20. Bf4 Re8 21. Bf3 d6 22. Bg2 Qh7 23. Rad1 dxe5 24. Bxc6 bxc6 25. Qxe5 Bb7 26. Qc7 Bb8 27. Qxb7 Bxf4 28. Qxc6 Be5 29. Rfe1 Rec8 30. Qb7 Bxb2 31. c5 Qg6 32. Rd6 Qg4 33. Qd5 Bf6 34. Rd7 Rf8 35. Rxf7 Rfd8 36. Rd7+ Kh7 37. c6 f4 38. Qe4+ Kh6 39. Rxd8 Rxd8 40. Nc5 Rd1 41. Rxd1 Qxd1+ 42. Kg2 fxg3 43. hxg3 Qd8 44. Ne6 Qc8 45. Qd5 1-0